00756nam a2200241Ia 450000500170000000800410001704000190005804100120007708200200008910000250010924500800013426000390021430000110025344000280026450400300029265000100032265100180033270000240035085000100037494200070038499900170039195201060040820240812091353.0131103s9999 xx 000 0 und d aLoreto College aEnglish a822.33bSHA-HAR aShakespeare, William 4aThe life of Henry the fifthcWilliam Shakespeare; edited by Harrison, G. B. aHarmondsworthbPenguin Booksc1959 a152p.  aThe penguin Shakespeare aIncludes glossary & notes aHenry aEnglish drama aHarrison, G.B.; ed. aLCBED cBK c29444d79923 00102ddc4070aMAINbMAINd2013-11-04l0o822.33 SHA-HAR 5548pB32291r2013-11-04w2013-11-04yBKf